{"text_format":"3","workbook":"xlsx","n_sheets":4,"sheets":["Table S1","Table S2","Table S3","Table S4"],"read":"whole","date_system":"1900"}

{"sheet":"Table S1","index":0,"n_rows":25,"n_cols":15,"rows_kept":25}
["Exposures","id.exposure","id.outcome","outcome","exposure","method","nsnp","b","se","pval","lo_ci","up_ci","or","or_lci95","or_uci95"]
["Valine"]
[null,"ebi-a-GCST90092995","ebi-a-GCST90018832","Diabetic nephropathy || id:ebi-a-GCST90018832","Valine levels || id:ebi-a-GCST90092995","MR Egger",20,-0.0484016146114284,0.548465242626462,0.930653044164158,-1.12339349015929,1.02659026093644,0.952751071479201,0.325174443909941,2.79153119565622]
[null,"ebi-a-GCST90092995","ebi-a-GCST90018832","Diabetic nephropathy || id:ebi-a-GCST90018832","Valine levels || id:ebi-a-GCST90092995","Weighted median",20,0.183133975359897,0.330687258468954,0.579717028916143,-0.465013051239253,0.831281001959047,1.20097529840075,0.628126907301596,2.29625836849596]
[null,"ebi-a-GCST90092995","ebi-a-GCST90018832","Diabetic nephropathy || id:ebi-a-GCST90018832","Valine levels || id:ebi-a-GCST90092995","Inverse variance weighted",20,0.184016030322066,0.265586933241065,0.488393945662141,-0.336534358830422,0.704566419474554,1.20203509195152,0.714241342657383,2.02296937461935]
[null,"ebi-a-GCST90092995","ebi-a-GCST90018832","Diabetic nephropathy || id:ebi-a-GCST90018832","Valine levels || id:ebi-a-GCST90092995","Simple mode",20,0.111426597862201,0.510851605461841,0.829661718551364,-0.889842548843007,1.11269574456741,1.11787168682238,0.410720416066265,3.042549284907]
[null,"ebi-a-GCST90092995","ebi-a-GCST90018832","Diabetic nephropathy || id:ebi-a-GCST90018832","Valine levels || id:ebi-a-GCST90092995","Weighted mode",20,0.22365858910385,0.38863048913485,0.571703856162352,-0.538057169600457,0.985374347808156,1.25064396305547,0.583881533924433,2.67881450508335]
["Isoleucine"]
[null,"ebi-a-GCST90092843","ebi-a-GCST90018832","Diabetic nephropathy || id:ebi-a-GCST90018832","Isoleucine levels || id:ebi-a-GCST90092843","MR Egger",10,-0.263917142306485,1.21498950250437,0.833476218450252,-2.64529656721505,2.11746228260208,0.768037174809177,0.0709842990018514,8.31002221876527]
[null,"ebi-a-GCST90092843","ebi-a-GCST90018832","Diabetic nephropathy || id:ebi-a-GCST90018832","Isoleucine levels || id:ebi-a-GCST90092843","Weighted median",10,-0.12028219993734,0.545280947889604,0.825413579407582,-1.18903285780096,0.948468457926284,0.886670183137923,0.304515631613721,2.58175256718222]
[null,"ebi-a-GCST90092843","ebi-a-GCST90018832","Diabetic nephropathy || id:ebi-a-GCST90018832","Isoleucine levels || id:ebi-a-GCST90092843","Inverse variance weighted",10,-0.130591055344523,0.400485297173232,0.744362298921151,-0.915542237804057,0.654360127115012,0.877576581272648,0.400299509704675,1.92391106490829]
[null,"ebi-a-GCST90092843","ebi-a-GCST90018832","Diabetic nephropathy || id:ebi-a-GCST90018832","Isoleucine levels || id:ebi-a-GCST90092843","Simple mode",10,0.163335527403735,0.854038753886623,0.8525741305325,-1.51058043021405,1.83725148502152,1.17743168401506,0.220781792338589,6.2792558926076]
[null,"ebi-a-GCST90092843","ebi-a-GCST90018832","Diabetic nephropathy || id:ebi-a-GCST90018832","Isoleucine levels || id:ebi-a-GCST90092843","Weighted mode",10,0.090682673527958,0.809956085486754,0.913312423317974,-1.49683125402608,1.678196601082,1.09492150254791,0.223838324348736,5.35588845310502]
["Leucine"]
[null,"ebi-a-GCST90092891","ebi-a-GCST90018832","Diabetic nephropathy || id:ebi-a-GCST90018832","Leucine levels || id:ebi-a-GCST90092891","MR Egger",18,-0.0047720452093395,0.857679782396262,0.995629454926914,-1.68582441870601,1.67628032828733,0.995239322908155,0.185291611100182,5.34563493717557]
[null,"ebi-a-GCST90092891","ebi-a-GCST90018832","Diabetic nephropathy || id:ebi-a-GCST90018832","Leucine levels || id:ebi-a-GCST90092891","Weighted median",18,0.377707645898348,0.455910036151036,0.407404553940497,-0.515876024957682,1.27129131675438,1.45893635449412,0.59697739838506,3.56545372106646]
[null,"ebi-a-GCST90092891","ebi-a-GCST90018832","Diabetic nephropathy || id:ebi-a-GCST90018832","Leucine levels || id:ebi-a-GCST90092891","Inverse variance weighted",18,0.333220863701374,0.362290145050761,0.357696921054973,-0.376867820598117,1.04330954800087,1.39545546989679,0.686006743864629,2.8385959553324]
[null,"ebi-a-GCST90092891","ebi-a-GCST90018832","Diabetic nephropathy || id:ebi-a-GCST90018832","Leucine levels || id:ebi-a-GCST90092891","Simple mode",18,0.349794523609409,0.657596065805074,0.601658096538851,-0.939093765368536,1.63868281258735,1.41877599367022,0.390981996283146,5.14838365794515]
[null,"ebi-a-GCST90092891","ebi-a-GCST90018832","Diabetic nephropathy || id:ebi-a-GCST90018832","Leucine levels || id:ebi-a-GCST90092891","Weighted mode",18,0.393724953313847,0.591939316136017,0.514881583073703,-0.766476106312747,1.55392601294044,1.48249273787902,0.464647555327608,4.73000383336667]
["Total BCAA"]
[null,"ebi-a-GCST90092984","ebi-a-GCST90018832","Diabetic nephropathy || id:ebi-a-GCST90018832","Total concentration of branched-chain amino acids (leucine + isoleucine + valine) || id:ebi-a-GCST90092984","MR Egger",17,-0.325273909513757,0.78033950829249,0.682702072673973,-1.85473934576704,1.20419152673952,0.722329473627807,0.15649372811194,3.3340624877836]
[null,"ebi-a-GCST90092984","ebi-a-GCST90018832","Diabetic nephropathy || id:ebi-a-GCST90018832","Total concentration of branched-chain amino acids (leucine + isoleucine + valine) || id:ebi-a-GCST90092984","Weighted median",17,0.273700234962612,0.420553889563734,0.515169822538966,-0.550585388582307,1.09798585850753,1.31482060591045,0.57661216938416,2.99812129801749]
[null,"ebi-a-GCST90092984","ebi-a-GCST90018832","Diabetic nephropathy || id:ebi-a-GCST90018832","Total concentration of branched-chain amino acids (leucine + isoleucine + valine) || id:ebi-a-GCST90092984","Inverse variance weighted",17,0.317847381376823,0.341764383658606,0.352361230375027,-0.352010810594045,0.98770557334769,1.37416652182032,0.703272519141538,2.68506671069245]
[null,"ebi-a-GCST90092984","ebi-a-GCST90018832","Diabetic nephropathy || id:ebi-a-GCST90018832","Total concentration of branched-chain amino acids (leucine + isoleucine + valine) || id:ebi-a-GCST90092984","Simple mode",17,0.278297716323171,0.63617449382341,0.667628803001475,-0.968604291570712,1.52519972421705,1.32087938603099,0.37961249689418,4.59606142241401]
[null,"ebi-a-GCST90092984","ebi-a-GCST90018832","Diabetic nephropathy || id:ebi-a-GCST90018832","Total concentration of branched-chain amino acids (leucine + isoleucine + valine) || id:ebi-a-GCST90092984","Weighted mode",17,0.347738453823948,0.519386392509969,0.512711809996719,-0.67025887549559,1.36573578314349,1.41586188804616,0.511576126119855,3.91860523520982]

{"sheet":"Table S2","index":1,"n_rows":70,"n_cols":38,"rows_kept":70}
["Exposures","SNP","effect_allele.exposure","other_allele.exposure","effect_allele.outcome","other_allele.outcome","beta.exposure","beta.outcome","eaf.exposure","eaf.outcome","remove","palindromic","ambiguous","id.outcome","chr","pos","se.outcome","samplesize.outcome","pval.outcome","outcome","originalname.outcome","outcome.deprecated","mr_keep.outcome","data_source.outcome","chr.exposure","pos.exposure","se.exposure","pval.exposure","samplesize.exposure","id.exposure","exposure","mr_keep.exposure","pval_origin.exposure","data_source.exposure","R2","F","action","mr_keep"]
["Valine"]
[null,"rs10018448","G","A","G","A",0.105058,0.0456,0.535311,0.512956,false,false,false,"ebi-a-GCST90018832",4,89225171,0.067,452280,0.4966,"Diabetic nephropathy || id:ebi-a-GCST90018832","Diabetic nephropathy","Diabetic nephropathy ||  || ",true,"igd",4,89225171,0.00403086,{"v":9.50605e-150,"d":"9.51E-150"},115052,"ebi-a-GCST90092995","Valine levels || id:ebi-a-GCST90092995",true,"reported","igd",0.00586964708699705,679.290090459704,2,true]
[null,"rs117048185","C","G","C","G",0.191237,-0.2707,0.017262,0.0150638,false,true,false,"ebi-a-GCST90018832",19,49309776,0.2311,452280,0.2413,"Diabetic nephropathy || id:ebi-a-GCST90018832","Diabetic nephropathy","Diabetic nephropathy ||  || ",true,"igd",19,49309776,0.0154247,{"v":2.70023e-35,"d":"2.70E-35"},115052,"ebi-a-GCST90092995","Valine levels || id:ebi-a-GCST90092995",true,"reported","igd",1.33424743440671E-3,153.710254841657,2,true]
[null,"rs117643180","A","C","A","C",-0.173468,-0.0246,0.025857,0.0219188,false,false,false,"ebi-a-GCST90018832",17,7185779,0.1427,452280,0.8629,"Diabetic nephropathy || id:ebi-a-GCST90018832","Diabetic nephropathy","Diabetic nephropathy ||  || ",true,"igd",17,7185779,0.0127268,{"v":2.70023e-42,"d":"2.70E-42"},115052,"ebi-a-GCST90092995","Valine levels || id:ebi-a-GCST90092995",true,"reported","igd",0.00161214989262753,185.777346075325,2,true]
[null,"rs12325419","A","G","A","G",-0.0891001,0.0088,0.115339,0.113399,false,false,false,"ebi-a-GCST90018832",16,70368909,0.0655,452280,0.8937,"Diabetic nephropathy || id:ebi-a-GCST90018832","Diabetic nephropathy","Diabetic nephropathy ||  || ",true,"igd",16,70368909,6.28395E-3,{"v":1.20005E-45,"d":"1.20E-45"},115052,"ebi-a-GCST90092995","Valine levels || id:ebi-a-GCST90092995",true,"reported","igd",0.00174436971114704,201.040424093973,2,true]
[null,"rs1260326","C","T","C","T",-0.051522,0.0724,0.603979,0.575691,false,false,false,"ebi-a-GCST90018832",2,27730940,0.0426,452280,0.0890902,"Diabetic nephropathy || id:ebi-a-GCST90018832","Diabetic nephropathy","Diabetic nephropathy ||  || ",true,"igd",2,27730940,0.00410407,{"v":3.80014e-36,"d":"3.80E-36"},115052,"ebi-a-GCST90092995","Valine levels || id:ebi-a-GCST90092995",true,"reported","igd",0.00136794059858476,157.59714940607,2,true]
[null,"rs12648408","A","G","A","G",-0.0510331,-0.0052,0.050797,0.0983841,false,false,false,"ebi-a-GCST90018832",4,89244131,0.1011,452280,0.9589,"Diabetic nephropathy || id:ebi-a-GCST90018832","Diabetic nephropathy","Diabetic nephropathy ||  || ",true,"igd",4,89244131,0.00928048,{"v":3.79997E-8,"d":"3.80E-08"},115052,"ebi-a-GCST90092995","Valine levels || id:ebi-a-GCST90092995",true,"reported","igd",0.000262757257724876,30.2381677992966,2,true]
[null,"rs13389219","T","C","T","C",-0.0353512,-0.0912,0.392543,0.31409,false,false,false,"ebi-a-GCST90018832",2,165528876,0.0458,452280,0.0464804,"Diabetic nephropathy || id:ebi-a-GCST90018832","Diabetic nephropathy","Diabetic nephropathy ||  || ",true,"igd",2,165528876,0.0041127,{"v":8.30042e-18,"d":"8.30E-18"},115052,"ebi-a-GCST90092995","Valine levels || id:ebi-a-GCST90092995",true,"reported","igd",0.00064177275823996,73.8833721710537,2,true]
[null,"rs17096421","T","A","T","A",0.0628534,0.1107,0.056398,0.0525218,false,true,false,"ebi-a-GCST90018832",10,88820592,0.1163,452280,0.3413,"Diabetic nephropathy || id:ebi-a-GCST90018832","Diabetic nephropathy","Diabetic nephropathy ||  || ",true,"igd",10,88820592,0.00882799,{"v":1.10002E-12,"d":"1.10E-12"},115052,"ebi-a-GCST90092995","Valine levels || id:ebi-a-GCST90092995",true,"reported","igd",0.000440401112420917,50.6904721243392,2,true]
[null,"rs2238732","T","C","T","C",-0.0620455,-0.1534,0.042267,0.069721,false,false,false,"ebi-a-GCST90018832",22,18915347,0.1183,452280,0.1947,"Diabetic nephropathy || id:ebi-a-GCST90018832","Diabetic nephropathy","Diabetic nephropathy ||  || ",true,"igd",22,18915347,0.0100133,{"v":5.80003e-10,"d":"5.80E-10"},115052,"ebi-a-GCST90092995","Valine levels || id:ebi-a-GCST90092995",true,"reported","igd",0.000333600769636698,38.3935766734295,2,true]
[null,"rs2274815","A","G","A","G",0.0276771,-0.081,0.205058,0.172094,false,false,false,"ebi-a-GCST90018832",14,102718052,0.0541,452280,0.1344,"Diabetic nephropathy || id:ebi-a-GCST90018832","Diabetic nephropathy","Diabetic nephropathy ||  || ",true,"igd",14,102718052,0.00497988,{"v":2.69998e-08,"d":"2.70E-08"},115052,"ebi-a-GCST90092995","Valine levels || id:ebi-a-GCST90092995",true,"reported","igd",0.00026840626875382,30.8884318688726,2,true]
[null,"rs2638315","C","G","C","G",0.0430756,0.0145,0.182452,0.164587,false,true,false,"ebi-a-GCST90018832",12,56865056,0.055,452280,0.7915,"Diabetic nephropathy || id:ebi-a-GCST90018832","Diabetic nephropathy","Diabetic nephropathy ||  || ",true,"igd",12,56865056,0.00518824,{"v":1e-16,"d":"1.00E-16"},115052,"ebi-a-GCST90092995","Valine levels || id:ebi-a-GCST90092995",true,"reported","igd",0.000598781339723863,68.9310677723397,2,true]
[null,"rs2943652","T","C","T","C",0.0246206,0.1002,0.644806,0.703198,false,false,false,"ebi-a-GCST90018832",2,227108446,0.0455,452280,0.0276401,"Diabetic nephropathy || id:ebi-a-GCST90018832","Diabetic nephropathy","Diabetic nephropathy ||  || ",true,"igd",2,227108446,0.00418772,{"v":4.09996E-9,"d":"4.10E-09"},115052,"ebi-a-GCST90092995","Valine levels || id:ebi-a-GCST90092995",true,"reported","igd",3.00342895368692E-4,34.5648314137128,2,true]
[null,"rs34894639","T","C","T","C",-0.0276111,0.0071,0.231573,0.212045,false,false,false,"ebi-a-GCST90018832",3,135798658,0.0526,452280,0.8933,"Diabetic nephropathy || id:ebi-a-GCST90018832","Diabetic nephropathy","Diabetic nephropathy ||  || ",true,"igd",3,135798658,0.0048032,{"v":8.99995e-09,"d":"9.00E-09"},115052,"ebi-a-GCST90092995","Valine levels || id:ebi-a-GCST90092995",true,"reported","igd",0.000287135694924342,33.0444499421431,2,true]
[null,"rs35230038","A","G","A","G",-0.0965787,-0.0374,0.045406,0.0443505,false,false,false,"ebi-a-GCST90018832",19,49300431,0.1137,452280,0.741899,"Diabetic nephropathy || id:ebi-a-GCST90018832","Diabetic nephropathy","Diabetic nephropathy ||  || ",true,"igd",19,49300431,0.00980718,{"v":7.00003e-23,"d":"7.00E-23"},115052,"ebi-a-GCST90092995","Valine levels || id:ebi-a-GCST90092995",true,"reported","igd",0.000842198239092703,96.9765809132939,2,true]
[null,"rs36181536","C","T","C","T",-0.0311053,-0.061,0.673511,0.70419,false,false,false,"ebi-a-GCST90018832",12,122528263,0.0455,452280,0.1798,"Diabetic nephropathy || id:ebi-a-GCST90018832","Diabetic nephropathy","Diabetic nephropathy ||  || ",true,"igd",12,122528263,4.2924E-3,{"v":4.30031e-13,"d":"4.30E-13"},115052,"ebi-a-GCST90092995","Valine levels || id:ebi-a-GCST90092995",true,"reported","igd",0.000456221831665629,52.5122789812323,2,true]
[null,"rs62080209","G","A","G","A",-0.0317028,0.0102,0.168696,0.17164,false,false,false,"ebi-a-GCST90018832",17,79636653,0.0592,452280,0.8632,"Diabetic nephropathy || id:ebi-a-GCST90018832","Diabetic nephropathy","Diabetic nephropathy ||  || ",true,"igd",17,79636653,0.00537209,{"v":3.59998e-09,"d":"3.60E-09"},115052,"ebi-a-GCST90092995","Valine levels || id:ebi-a-GCST90092995",true,"reported","igd",0.000302609855207649,34.8258024726838,2,true]
[null,"rs6941263","A","T","A","T",-0.028383,0.0407,0.187838,0.17471,false,true,false,"ebi-a-GCST90018832",6,109162094,0.0647,452280,0.528799,"Diabetic nephropathy || id:ebi-a-GCST90018832","Diabetic nephropathy","Diabetic nephropathy ||  || ",true,"igd",6,109162094,5.16214E-3,{"v":3.79997E-8,"d":"3.80E-08"},115052,"ebi-a-GCST90092995","Valine levels || id:ebi-a-GCST90092995",true,"reported","igd",0.000262693159099212,30.2307893759276,2,true]
[null,"rs72538440","GC","G","GC","G",0.0645082,0.0107,0.424048,0.425106,false,false,false,"ebi-a-GCST90018832",2,65225088,0.0461,452280,0.8162,"Diabetic nephropathy || id:ebi-a-GCST90018832","Diabetic nephropathy","Diabetic nephropathy ||  || ",true,"igd",2,65225088,0.00409456,{"v":6.4003e-56,"d":"6.40E-56"},115052,"ebi-a-GCST90092995","Valine levels || id:ebi-a-GCST90092995",true,"reported","igd",0.00215270876299871,248.203452931133,2,true]
[null,"rs7656569","A","C","A","C",0.0715921,0.0428,0.192297,0.198783,false,false,false,"ebi-a-GCST90018832",4,89166761,0.0565,452280,0.4484,"Diabetic nephropathy || id:ebi-a-GCST90018832","Diabetic nephropathy","Diabetic nephropathy ||  || ",true,"igd",4,89166761,0.00516398,{"v":1.10002e-43,"d":"1.10E-43"},115052,"ebi-a-GCST90092995","Valine levels || id:ebi-a-GCST90092995",true,"reported","igd",0.0016677924745882,192.200074038469,2,true]
[null,"rs837616","G","A","G","A",-0.0245943,0.0456,0.291521,0.250444,false,false,false,"ebi-a-GCST90018832",19,49365588,0.0473,452280,0.335,"Diabetic nephropathy || id:ebi-a-GCST90018832","Diabetic nephropathy","Diabetic nephropathy ||  || ",true,"igd",19,49365588,0.00442889,{"v":2.80001e-08,"d":"2.80E-08"},115052,"ebi-a-GCST90092995","Valine levels || id:ebi-a-GCST90092995",true,"reported","igd",0.000267959144969442,30.8369626748861,2,true]
["Isoleucine"]
[null,"rs10018448","G","A","G","A",0.0668681,0.0456,0.535312,0.512956,false,false,false,"ebi-a-GCST90018832",4,89225171,0.067,452280,0.4966,"Diabetic nephropathy || id:ebi-a-GCST90018832","Diabetic nephropathy","Diabetic nephropathy ||  || ",true,"igd",4,89225171,0.00407109,{"v":1.29987E-60,"d":"1.30E-60"},115079,"ebi-a-GCST90092843","Isoleucine levels || id:ebi-a-GCST90092843",true,"reported","igd",2.33885629293905E-3,269.779541200189,2,true]
[null,"rs1128249","T","G","T","G",-0.0302623,-0.0871,0.392005,0.313806,false,false,false,"ebi-a-GCST90018832",2,165528624,0.0458,452280,0.0572994,"Diabetic nephropathy || id:ebi-a-GCST90018832","Diabetic nephropathy","Diabetic nephropathy ||  || ",true,"igd",2,165528624,0.00415506,{"v":3.29989e-13,"d":"3.30E-13"},115079,"ebi-a-GCST90092843","Isoleucine levels || id:ebi-a-GCST90092843",true,"reported","igd",0.000460736951654281,53.0446658231526,2,true]
[null,"rs117643180","A","C","A","C",-0.100079,-0.0246,0.025868,0.0219188,false,false,false,"ebi-a-GCST90018832",17,7185779,0.1427,452280,0.8629,"Diabetic nephropathy || id:ebi-a-GCST90018832","Diabetic nephropathy","Diabetic nephropathy ||  || ",true,"igd",17,7185779,0.0128467,{"v":6.70039E-15,"d":"6.70E-15"},115079,"ebi-a-GCST90092843","Isoleucine levels || id:ebi-a-GCST90092843",true,"reported","igd",0.00052708141260764,60.6869346739042,2,true]
[null,"rs12325419","A","G","A","G",-0.074157,0.0088,0.115325,0.113399,false,false,false,"ebi-a-GCST90018832",16,70368909,0.0655,452280,0.8937,"Diabetic nephropathy || id:ebi-a-GCST90018832","Diabetic nephropathy","Diabetic nephropathy ||  || ",true,"igd",16,70368909,0.00634476,{"v":1.50003E-31,"d":"1.50E-31"},115079,"ebi-a-GCST90092843","Isoleucine levels || id:ebi-a-GCST90092843",true,"reported","igd",0.00118566661986947,136.604925515012,2,true]
[null,"rs1260326","C","T","C","T",-0.0467023,0.0724,0.603981,0.575691,false,false,false,"ebi-a-GCST90018832",2,27730940,0.0426,452280,0.0890902,"Diabetic nephropathy || id:ebi-a-GCST90018832","Diabetic nephropathy","Diabetic nephropathy ||  || ",true,"igd",2,27730940,0.00414486,{"v":1.9002e-29,"d":"1.90E-29"},115079,"ebi-a-GCST90092843","Isoleucine levels || id:ebi-a-GCST90092843",true,"reported","igd",0.0011020006998909,126.954838862627,2,true]
[null,"rs2941456","A","G","A","G",0.0290201,-0.0046,0.198439,0.194658,false,false,false,"ebi-a-GCST90018832",8,76443463,0.0489,452280,0.9257,"Diabetic nephropathy || id:ebi-a-GCST90018832","Diabetic nephropathy","Diabetic nephropathy ||  || ",true,"igd",8,76443463,0.00509347,{"v":1.2E-8,"d":"1.20E-08"},115079,"ebi-a-GCST90092843","Isoleucine levels || id:ebi-a-GCST90092843",true,"reported","igd",0.000282001706073174,32.4610644053259,2,true]
[null,"rs545587","C","A","C","A",0.0362055,-0.0666,0.514768,0.527843,false,false,false,"ebi-a-GCST90018832",19,49319664,0.0415,452280,0.1087,"Diabetic nephropathy || id:ebi-a-GCST90018832","Diabetic nephropathy","Diabetic nephropathy ||  || ",true,"igd",19,49319664,0.00407282,{"v":6.09958e-19,"d":"6.10E-19"},115079,"ebi-a-GCST90092843","Isoleucine levels || id:ebi-a-GCST90092843",true,"reported","igd",0.000686221722542242,79.0225641650946,2,true]
[null,"rs72538440","GC","G","GC","G",0.0242404,0.0107,0.424074,0.425106,false,false,false,"ebi-a-GCST90018832",2,65225088,0.0461,452280,0.8162,"Diabetic nephropathy || id:ebi-a-GCST90018832","Diabetic nephropathy","Diabetic nephropathy ||  || ",true,"igd",2,65225088,0.00413532,{"v":4.60002e-09,"d":"4.60E-09"},115079,"ebi-a-GCST90092843","Isoleucine levels || id:ebi-a-GCST90092843",true,"reported","igd",2.98493987295451E-4,34.3600488439817,2,true]
[null,"rs7302925","G","A","G","A",-0.0425633,0.0166,0.801119,0.824843,false,false,false,"ebi-a-GCST90018832",12,56861458,0.0541,452280,0.7582,"Diabetic nephropathy || id:ebi-a-GCST90018832","Diabetic nephropathy","Diabetic nephropathy ||  || ",true,"igd",12,56861458,0.00507292,{"v":4.79954E-17,"d":"4.80E-17"},115079,"ebi-a-GCST90092843","Isoleucine levels || id:ebi-a-GCST90092843",true,"reported","igd",0.0006113541841315,70.3958422399996,2,true]
[null,"rs7656569","A","C","A","C",0.0455643,0.0428,0.192288,0.198783,false,false,false,"ebi-a-GCST90018832",4,89166761,0.0565,452280,0.4484,"Diabetic nephropathy || id:ebi-a-GCST90018832","Diabetic nephropathy","Diabetic nephropathy ||  || ",true,"igd",4,89166761,5.21573E-3,{"v":2.39994E-18,"d":"2.40E-18"},115079,"ebi-a-GCST90092843","Isoleucine levels || id:ebi-a-GCST90092843",true,"reported","igd",6.62727830458103E-4,76.3153068233489,2,true]
["Leucine"]
[null,"rs10018448","G","A","G","A",0.0880953,0.0456,0.535308,0.512956,false,false,false,"ebi-a-GCST90018832",4,89225171,0.067,452280,0.4966,"Diabetic nephropathy || id:ebi-a-GCST90018832","Diabetic nephropathy","Diabetic nephropathy ||  || ",true,"igd",4,89225171,0.00397749,{"v":1.09901E-108,"d":"1.10E-108"},115078,"ebi-a-GCST90092891","Leucine levels || id:ebi-a-GCST90092891",true,"reported","igd",0.00424470588529793,490.545997941014,2,true]
[null,"rs11166420","A","T","A","T",-0.0376304,-0.0241,0.904404,0.910997,false,true,false,"ebi-a-GCST90018832",1,100702216,0.0862,452280,0.7801,"Diabetic nephropathy || id:ebi-a-GCST90018832","Diabetic nephropathy","Diabetic nephropathy ||  || ",true,"igd",1,100702216,0.00674657,{"v":2.39999e-08,"d":"2.40E-08"},115078,"ebi-a-GCST90092891","Leucine levels || id:ebi-a-GCST90092891",true,"reported","igd",0.000270272531044997,31.1102900393645,2,true]
[null,"rs117643180","A","C","A","C",-0.117926,-0.0246,0.025864,0.0219188,false,false,false,"ebi-a-GCST90018832",17,7185779,0.1427,452280,0.8629,"Diabetic nephropathy || id:ebi-a-GCST90018832","Diabetic nephropathy","Diabetic nephropathy ||  || ",true,"igd",17,7185779,0.012555,{"v":5.79963e-21,"d":"5.80E-21"},115078,"ebi-a-GCST90092891","Leucine levels || id:ebi-a-GCST90092891",true,"reported","igd",0.000766056098712789,88.2222548118137,2,true]
[null,"rs1260326","C","T","C","T",-0.0475855,0.0724,0.603977,0.575691,false,false,false,"ebi-a-GCST90018832",2,27730940,0.0426,452280,0.0890902,"Diabetic nephropathy || id:ebi-a-GCST90018832","Diabetic nephropathy","Diabetic nephropathy ||  || ",true,"igd",2,27730940,0.00404974,{"v":7.00003e-32,"d":"7.00E-32"},115078,"ebi-a-GCST90092891","Leucine levels || id:ebi-a-GCST90092891",true,"reported","igd",0.00119834519366146,138.066222499926,2,true]
[null,"rs12974412","G","A","G","A",-0.0289007,-0.03,0.779946,0.771302,false,false,false,"ebi-a-GCST90018832",19,14151809,0.0475,452280,0.5276,"Diabetic nephropathy || id:ebi-a-GCST90018832","Diabetic nephropathy","Diabetic nephropathy ||  || ",true,"igd",19,14151809,0.00492156,{"v":4.30002e-09,"d":"4.30E-09"},115078,"ebi-a-GCST90092891","Leucine levels || id:ebi-a-GCST90092891",true,"reported","igd",0.000299563386766378,34.482886105675,2,true]
[null,"rs13389219","T","C","T","C",-0.032325,-0.0912,0.392537,0.31409,false,false,false,"ebi-a-GCST90018832",2,165528876,0.0458,452280,0.0464804,"Diabetic nephropathy || id:ebi-a-GCST90018832","Diabetic nephropathy","Diabetic nephropathy ||  || ",true,"igd",2,165528876,0.00405851,{"v":1.69981e-15,"d":"1.70E-15"},115078,"ebi-a-GCST90092891","Leucine levels || id:ebi-a-GCST90092891",true,"reported","igd",0.000550949991110613,63.4360712799526,2,true]
[null,"rs150277164","A","G","A","G",0.11662,0.5968,0.014177,0.0113217,false,false,false,"ebi-a-GCST90018832",4,89258580,0.2966,452280,0.0441804,"Diabetic nephropathy || id:ebi-a-GCST90018832","Diabetic nephropathy","Diabetic nephropathy ||  || ",true,"igd",4,89258580,0.0167959,{"v":3.80014E-12,"d":"3.80E-12"},115078,"ebi-a-GCST90092891","Leucine levels || id:ebi-a-GCST90092891",true,"reported","igd",0.000418760109704888,48.2094265691586,2,true]
[null,"rs2638315","C","G","C","G",0.0417348,0.0145,0.182489,0.164587,false,true,false,"ebi-a-GCST90018832",12,56865056,0.055,452280,0.7915,"Diabetic nephropathy || id:ebi-a-GCST90018832","Diabetic nephropathy","Diabetic nephropathy ||  || ",true,"igd",12,56865056,0.00511782,{"v":3.50026e-16,"d":"3.50E-16"},115078,"ebi-a-GCST90092891","Leucine levels || id:ebi-a-GCST90092891",true,"reported","igd",0.000577541847523162,66.4996119543231,2,true]
[null,"rs2943652","T","C","T","C",0.023147,0.1002,0.644804,0.703198,false,false,false,"ebi-a-GCST90018832",2,227108446,0.0455,452280,0.0276401,"Diabetic nephropathy || id:ebi-a-GCST90018832","Diabetic nephropathy","Diabetic nephropathy ||  || ",true,"igd",2,227108446,0.00413238,{"v":2.1e-08,"d":"2.10E-08"},115078,"ebi-a-GCST90092891","Leucine levels || id:ebi-a-GCST90092891",true,"reported","igd",2.72570106629599E-4,31.3748294311113,2,true]
[null,"rs2977929","T","C","T","C",0.028423,-0.0021,0.196774,0.193149,false,false,false,"ebi-a-GCST90018832",8,76454025,0.049,452280,0.9653,"Diabetic nephropathy || id:ebi-a-GCST90018832","Diabetic nephropathy","Diabetic nephropathy ||  || ",true,"igd",8,76454025,0.00500802,{"v":1.40001E-8,"d":"1.40E-08"},115078,"ebi-a-GCST90092891","Leucine levels || id:ebi-a-GCST90092891",true,"reported","igd",2.79829740643564E-4,32.2107007463346,2,true]
[null,"rs34894639","T","C","T","C",-0.0261434,0.0071,0.231582,0.212045,false,false,false,"ebi-a-GCST90018832",3,135798658,0.0526,452280,0.8933,"Diabetic nephropathy || id:ebi-a-GCST90018832","Diabetic nephropathy","Diabetic nephropathy ||  || ",true,"igd",3,135798658,0.0047385,{"v":3.40001e-08,"d":"3.40E-08"},115078,"ebi-a-GCST90092891","Leucine levels || id:ebi-a-GCST90092891",true,"reported","igd",0.000264444901352308,30.4393109886098,2,true]
[null,"rs35350651","AC","A","AC","A",-0.0233501,-0.0281,0.502583,0.629869,false,false,false,"ebi-a-GCST90018832",12,111907431,0.0458,452280,0.539299,"Diabetic nephropathy || id:ebi-a-GCST90018832","Diabetic nephropathy","Diabetic nephropathy ||  || ",true,"igd",12,111907431,0.00396732,{"v":4e-09,"d":"4.00E-09"},115078,"ebi-a-GCST90092891","Leucine levels || id:ebi-a-GCST90092891",true,"reported","igd",0.000300926206677959,34.6398081857501,2,true]
[null,"rs4801776","T","C","T","C",-0.0323134,0.1023,0.299246,0.223589,false,false,false,"ebi-a-GCST90018832",19,49304215,0.053,452280,0.0537403,"Diabetic nephropathy || id:ebi-a-GCST90018832","Diabetic nephropathy","Diabetic nephropathy ||  || ",true,"igd",19,49304215,0.00442329,{"v":2.80027E-13,"d":"2.80E-13"},115078,"ebi-a-GCST90092891","Leucine levels || id:ebi-a-GCST90092891",true,"reported","igd",0.000463533177397979,53.366280964031,2,true]
[null,"rs56272145","A","G","A","G",-0.0936928,{"v":0.0007,"d":"7.00E-04"},0.125871,0.131199,false,false,false,"ebi-a-GCST90018832",16,70201962,0.107,452280,0.9949,"Diabetic nephropathy || id:ebi-a-GCST90018832","Diabetic nephropathy","Diabetic nephropathy ||  || ",true,"igd",16,70201962,0.00617072,{"v":4.60045E-52,"d":"4.60E-52"},115078,"ebi-a-GCST90092891","Leucine levels || id:ebi-a-GCST90092891",true,"reported","igd",1.99930610795471E-3,230.533055825594,2,true]
[null,"rs5747934","T","C","T","C",-0.0567781,-0.1532,0.042292,0.0697204,false,false,false,"ebi-a-GCST90018832",22,18915282,0.1184,452280,0.1954,"Diabetic nephropathy || id:ebi-a-GCST90018832","Diabetic nephropathy","Diabetic nephropathy ||  || ",true,"igd",22,18915282,0.00987699,{"v":8.99995e-09,"d":"9.00E-09"},115078,"ebi-a-GCST90092891","Leucine levels || id:ebi-a-GCST90092891",true,"reported","igd",0.000287075073137143,33.0449374941778,2,true]
[null,"rs72538440","GC","G","GC","G",0.0270867,0.0107,0.424074,0.425106,false,false,false,"ebi-a-GCST90018832",2,65225088,0.0461,452280,0.8162,"Diabetic nephropathy || id:ebi-a-GCST90018832","Diabetic nephropathy","Diabetic nephropathy ||  || ",true,"igd",2,65225088,0.00404039,{"v":1.99986e-11,"d":"2.00E-11"},115078,"ebi-a-GCST90092891","Leucine levels || id:ebi-a-GCST90092891",true,"reported","igd",3.90394540467253E-4,44.9425874795962,2,true]
[null,"rs7656569","A","C","A","C",0.0562345,0.0428,0.192289,0.198783,false,false,false,"ebi-a-GCST90018832",4,89166761,0.0565,452280,0.4484,"Diabetic nephropathy || id:ebi-a-GCST90018832","Diabetic nephropathy","Diabetic nephropathy ||  || ",true,"igd",4,89166761,0.00509579,{"v":2.60016e-28,"d":"2.60E-28"},115078,"ebi-a-GCST90092891","Leucine levels || id:ebi-a-GCST90092891",true,"reported","igd",1.05713627322001E-3,121.779751569794,2,true]
[null,"rs9930957","T","C","T","C",0.0526307,-0.0271,0.159839,0.161592,false,false,false,"ebi-a-GCST90018832",16,72149923,0.0612,452280,0.6574,"Diabetic nephropathy || id:ebi-a-GCST90018832","Diabetic nephropathy","Diabetic nephropathy ||  || ",true,"igd",16,72149923,0.00539967,{"v":1.9002E-22,"d":"1.90E-22"},115078,"ebi-a-GCST90092891","Leucine levels || id:ebi-a-GCST90092891",true,"reported","igd",0.000824884529996957,95.0027784962181,2,true]
["Total BCAA"]
[null,"rs10018448","G","A","G","A",0.0968618,0.0456,0.535307,0.512956,false,false,false,"ebi-a-GCST90018832",4,89225171,0.067,452280,0.4966,"Diabetic nephropathy || id:ebi-a-GCST90018832","Diabetic nephropathy","Diabetic nephropathy ||  || ",true,"igd",4,89225171,0.00401218,{"v":9.09913e-129,"d":"9.10E-129"},115051,"ebi-a-GCST90092984","Total concentration of branched-chain amino acids (leucine + isoleucine + valine) || id:ebi-a-GCST90092984",true,"reported","igd",0.00504033417192099,582.823028974461,2,true]
[null,"rs117643180","A","C","A","C",-0.148514,-0.0246,0.025853,0.0219188,false,false,false,"ebi-a-GCST90018832",17,7185779,0.1427,452280,0.8629,"Diabetic nephropathy || id:ebi-a-GCST90018832","Diabetic nephropathy","Diabetic nephropathy ||  || ",true,"igd",17,7185779,0.012667,{"v":9.49948e-32,"d":"9.50E-32"},115051,"ebi-a-GCST90092984","Total concentration of branched-chain amino acids (leucine + isoleucine + valine) || id:ebi-a-GCST90092984",true,"reported","igd",0.0011933786515374,137.461063579419,2,true]
[null,"rs1260326","C","T","C","T",-0.0514666,0.0724,0.603976,0.575691,false,false,false,"ebi-a-GCST90018832",2,27730940,0.0426,452280,0.0890902,"Diabetic nephropathy || id:ebi-a-GCST90018832","Diabetic nephropathy","Diabetic nephropathy ||  || ",true,"igd",2,27730940,0.00408515,{"v":2.19989e-36,"d":"2.20E-36"},115051,"ebi-a-GCST90092984","Total concentration of branched-chain amino acids (leucine + isoleucine + valine) || id:ebi-a-GCST90092984",true,"reported","igd",1.37767195070404E-3,158.718442202431,2,true]
[null,"rs12974412","G","A","G","A",-0.0279079,-0.03,0.779949,0.771302,false,false,false,"ebi-a-GCST90018832",19,14151809,0.0475,452280,0.5276,"Diabetic nephropathy || id:ebi-a-GCST90018832","Diabetic nephropathy","Diabetic nephropathy ||  || ",true,"igd",19,14151809,0.00496455,{"v":1.89998e-08,"d":"1.90E-08"},115051,"ebi-a-GCST90092984","Total concentration of branched-chain amino acids (leucine + isoleucine + valine) || id:ebi-a-GCST90092984",true,"reported","igd",0.00027459009737972,31.599993158638,2,true]
[null,"rs13389219","T","C","T","C",-0.035018,-0.0912,0.392546,0.31409,false,false,false,"ebi-a-GCST90018832",2,165528876,0.0458,452280,0.0464804,"Diabetic nephropathy || id:ebi-a-GCST90018832","Diabetic nephropathy","Diabetic nephropathy ||  || ",true,"igd",2,165528876,0.00409375,{"v":1.20005E-17,"d":"1.20E-17"},115051,"ebi-a-GCST90092984","Total concentration of branched-chain amino acids (leucine + isoleucine + valine) || id:ebi-a-GCST90092984",true,"reported","igd",0.000635584833687557,73.1699052129554,2,true]
[null,"rs1471740","C","T","C","T",0.0269188,-0.1091,0.740186,0.740433,false,false,false,"ebi-a-GCST90018832",3,136328270,0.1078,452280,0.3112,"Diabetic nephropathy || id:ebi-a-GCST90018832","Diabetic nephropathy","Diabetic nephropathy ||  || ",true,"igd",3,136328270,0.00457284,{"v":3.89996e-09,"d":"3.90E-09"},115051,"ebi-a-GCST90092984","Total concentration of branched-chain amino acids (leucine + isoleucine + valine) || id:ebi-a-GCST90092984",true,"reported","igd",0.000301105156989127,34.6522811870089,2,true]
[null,"rs17096421","T","A","T","A",0.0539934,0.1107,0.056398,0.0525218,false,true,false,"ebi-a-GCST90018832",10,88820592,0.1163,452280,0.3413,"Diabetic nephropathy || id:ebi-a-GCST90018832","Diabetic nephropathy","Diabetic nephropathy ||  || ",true,"igd",10,88820592,0.00878589,{"v":8e-10,"d":"8.00E-10"},115051,"ebi-a-GCST90092984","Total concentration of branched-chain amino acids (leucine + isoleucine + valine) || id:ebi-a-GCST90092984",true,"reported","igd",0.00032815338821011,37.7661122378753,2,true]
[null,"rs2657879","G","A","G","A",0.0446283,0.0121,0.182493,0.164585,false,false,false,"ebi-a-GCST90018832",12,56865338,0.055,452280,0.8254,"Diabetic nephropathy || id:ebi-a-GCST90018832","Diabetic nephropathy","Diabetic nephropathy ||  || ",true,"igd",12,56865338,5.16389E-3,{"v":5.50047e-18,"d":"5.50E-18"},115051,"ebi-a-GCST90092984","Total concentration of branched-chain amino acids (leucine + isoleucine + valine) || id:ebi-a-GCST90092984",true,"reported","igd",0.000648775548991694,74.6894348150214,2,true]
[null,"rs2943652","T","C","T","C",0.0243001,0.1002,0.644803,0.703198,false,false,false,"ebi-a-GCST90018832",2,227108446,0.0455,452280,0.0276401,"Diabetic nephropathy || id:ebi-a-GCST90018832","Diabetic nephropathy","Diabetic nephropathy ||  || ",true,"igd",2,227108446,0.00416842,{"v":5.60003e-09,"d":"5.60E-09"},115051,"ebi-a-GCST90092984","Total concentration of branched-chain amino acids (leucine + isoleucine + valine) || id:ebi-a-GCST90092984",true,"reported","igd",0.000295293929063559,33.9833063088759,2,true]
[null,"rs2977929","T","C","T","C",0.0289356,-0.0021,0.196769,0.193149,false,false,false,"ebi-a-GCST90018832",8,76454025,0.049,452280,0.9653,"Diabetic nephropathy || id:ebi-a-GCST90018832","Diabetic nephropathy","Diabetic nephropathy ||  || ",true,"igd",8,76454025,0.00505178,{"v":1E-8,"d":"1.00E-08"},115051,"ebi-a-GCST90092984","Total concentration of branched-chain amino acids (leucine + isoleucine + valine) || id:ebi-a-GCST90092984",true,"reported","igd",2.8507681841044E-4,32.8071554407969,2,true]
[null,"rs36181536","C","T","C","T",-0.0257492,-0.061,0.673508,0.70419,false,false,false,"ebi-a-GCST90018832",12,122528263,0.0455,452280,0.1798,"Diabetic nephropathy || id:ebi-a-GCST90018832","Diabetic nephropathy","Diabetic nephropathy ||  || ",true,"igd",12,122528263,0.00427191,{"v":1.7e-09,"d":"1.70E-09"},115051,"ebi-a-GCST90092984","Total concentration of branched-chain amino acids (leucine + isoleucine + valine) || id:ebi-a-GCST90092984",true,"reported","igd",0.00031568632676929,36.3308653659158,2,true]
[null,"rs4801776","T","C","T","C",-0.0392475,0.1023,0.299247,0.223589,false,false,false,"ebi-a-GCST90018832",19,49304215,0.053,452280,0.0537403,"Diabetic nephropathy || id:ebi-a-GCST90018832","Diabetic nephropathy","Diabetic nephropathy ||  || ",true,"igd",19,49304215,0.00446204,{"v":1.39991e-18,"d":"1.40E-18"},115051,"ebi-a-GCST90092984","Total concentration of branched-chain amino acids (leucine + isoleucine + valine) || id:ebi-a-GCST90092984",true,"reported","igd",0.00067200844745635,77.3658904033016,2,true]
[null,"rs56272145","A","G","A","G",-0.0905486,{"v":0.0007,"d":"7.00E-04"},0.125887,0.131199,false,false,false,"ebi-a-GCST90018832",16,70201962,0.107,452280,0.9949,"Diabetic nephropathy || id:ebi-a-GCST90018832","Diabetic nephropathy","Diabetic nephropathy ||  || ",true,"igd",16,70201962,0.00622466,{"v":6.09958E-48,"d":"6.10E-48"},115051,"ebi-a-GCST90092984","Total concentration of branched-chain amino acids (leucine + isoleucine + valine) || id:ebi-a-GCST90092984",true,"reported","igd",0.00183587779239889,211.604383926926,2,true]
[null,"rs5747934","T","C","T","C",-0.0603351,-0.1532,0.042285,0.0697204,false,false,false,"ebi-a-GCST90018832",22,18915282,0.1184,452280,0.1954,"Diabetic nephropathy || id:ebi-a-GCST90018832","Diabetic nephropathy","Diabetic nephropathy ||  || ",true,"igd",22,18915282,0.0099639,{"v":1.40001E-9,"d":"1.40E-09"},115051,"ebi-a-GCST90092984","Total concentration of branched-chain amino acids (leucine + isoleucine + valine) || id:ebi-a-GCST90092984",true,"reported","igd",0.000318604983859023,36.6668670345765,2,true]
[null,"rs6499561","G","A","G","A",0.0237944,0.0037,0.362099,0.361318,false,false,false,"ebi-a-GCST90018832",16,72148404,0.0997,452280,0.97,"Diabetic nephropathy || id:ebi-a-GCST90018832","Diabetic nephropathy","Diabetic nephropathy ||  || ",true,"igd",16,72148404,0.00420911,{"v":1.6e-08,"d":"1.60E-08"},115051,"ebi-a-GCST90092984","Total concentration of branched-chain amino acids (leucine + isoleucine + valine) || id:ebi-a-GCST90092984",true,"reported","igd",0.000277688536547269,31.9566624400527,2,true]
[null,"rs72538440","GC","G","GC","G",0.0469431,0.0107,0.424047,0.425106,false,false,false,"ebi-a-GCST90018832",2,65225088,0.0461,452280,0.8162,"Diabetic nephropathy || id:ebi-a-GCST90018832","Diabetic nephropathy","Diabetic nephropathy ||  || ",true,"igd",2,65225088,4.07567E-3,{"v":1.10002E-30,"d":"1.10E-30"},115051,"ebi-a-GCST90092984","Total concentration of branched-chain amino acids (leucine + isoleucine + valine) || id:ebi-a-GCST90092984",true,"reported","igd",0.00115174046574329,132.659378017122,2,true]
[null,"rs7656569","A","C","A","C",0.0644479,0.0428,0.192299,0.198783,false,false,false,"ebi-a-GCST90018832",4,89166761,0.0565,452280,0.4484,"Diabetic nephropathy || id:ebi-a-GCST90018832","Diabetic nephropathy","Diabetic nephropathy ||  || ",true,"igd",4,89166761,0.00514003,{"v":4.60045e-36,"d":"4.60E-36"},115051,"ebi-a-GCST90092984","Total concentration of branched-chain amino acids (leucine + isoleucine + valine) || id:ebi-a-GCST90092984",true,"reported","igd",0.00136459192339069,157.209462957608,2,true]

{"sheet":"Table S3","index":2,"n_rows":24,"n_cols":15,"rows_kept":24}
["Outcomes","id.exposure","id.outcome","outcome","exposure","method","nsnp","b","se","pval","lo_ci","up_ci","or","or_lci95","or_uci95"]
["Valine","ebi-a-GCST90018832","ebi-a-GCST90092995","Valine levels || id:ebi-a-GCST90092995"," || id:ebi-a-GCST90018832","MR Egger",14,-0.00573147223782463,6.77321472525849E-3,0.413999231292299,-0.0190069730993313,7.54402862368201E-3,0.994284921314499,0.981172520405506,1.00757255650087]
[null,"ebi-a-GCST90018832","ebi-a-GCST90092995","Valine levels || id:ebi-a-GCST90092995"," || id:ebi-a-GCST90018832","Weighted median",14,-2.94333360759986E-3,0.00546472555180124,0.590158792470944,-0.0136541956891303,0.00776752847393057,0.997060993752101,0.986438600010481,1.00779777398346]
[null,"ebi-a-GCST90018832","ebi-a-GCST90092995","Valine levels || id:ebi-a-GCST90092995"," || id:ebi-a-GCST90018832","Inverse variance weighted",14,0.00411802215358953,0.00501784816085014,0.411831458398301,-0.00571696024167675,0.0139530045488558,1.00412651285779,0.994299350478144,1.01405080204375]
[null,"ebi-a-GCST90018832","ebi-a-GCST90092995","Valine levels || id:ebi-a-GCST90092995"," || id:ebi-a-GCST90018832","Simple mode",14,-0.000752665476990017,0.0101126903383409,0.941803062375073,-0.0205735385401382,0.0190682075861581,0.999247617704619,0.979636652776245,1.01925116690833]
[null,"ebi-a-GCST90018832","ebi-a-GCST90092995","Valine levels || id:ebi-a-GCST90092995"," || id:ebi-a-GCST90018832","Weighted mode",14,-0.00462603923197398,0.00692038908691727,0.515531165585302,-0.0181900018423318,0.00893792337838388,0.995384644406854,0.981974437679914,1.00897798588513]
[]
["Isoleucine","ebi-a-GCST90018832","ebi-a-GCST90092843","Isoleucine levels || id:ebi-a-GCST90092843"," || id:ebi-a-GCST90018832","MR Egger",14,-0.00906225127802852,7.02019577453376E-3,0.221059827422907,-0.0228218349961147,0.00469733244005765,0.990978687162938,0.977436613258925,1.00470838220078]
[null,"ebi-a-GCST90018832","ebi-a-GCST90092843","Isoleucine levels || id:ebi-a-GCST90092843"," || id:ebi-a-GCST90018832","Weighted median",14,-0.00234962476629234,0.00561398965766237,0.675559439061272,-0.0133530444953106,0.0086537949627259,0.997653133441305,0.98673571190806,1.00869134729158]
[null,"ebi-a-GCST90018832","ebi-a-GCST90092843","Isoleucine levels || id:ebi-a-GCST90092843"," || id:ebi-a-GCST90018832","Inverse variance weighted",14,-0.000563744389723821,0.00500367630300775,0.910295326685947,-0.010370949943619,0.00924346116417138,0.999436414484288,0.989682642928077,1.00928631388537]
[null,"ebi-a-GCST90018832","ebi-a-GCST90092843","Isoleucine levels || id:ebi-a-GCST90092843"," || id:ebi-a-GCST90018832","Simple mode",14,0.0142148633569779,0.00982088020521208,0.171464162503989,-0.0050340618452378,0.0334637885591935,1.01431637494793,0.994978587808811,1.03402999933221]
[null,"ebi-a-GCST90018832","ebi-a-GCST90092843","Isoleucine levels || id:ebi-a-GCST90092843"," || id:ebi-a-GCST90018832","Weighted mode",14,-0.000812791967783125,0.00670013430052982,0.905300693962404,-0.0139450551968216,0.0123194712612553,0.999187538258134,0.986151726686854,1.01239566852919]
[]
["Leucine","ebi-a-GCST90018832","ebi-a-GCST90092891","Leucine levels || id:ebi-a-GCST90092891"," || id:ebi-a-GCST90018832","MR Egger",14,-0.00499646240419228,0.00724664750435264,0.503632546476668,-0.0191998915127235,0.00920696670433889,0.995015999150883,0.980983252416832,1.00924948119863]
[null,"ebi-a-GCST90018832","ebi-a-GCST90092891","Leucine levels || id:ebi-a-GCST90092891"," || id:ebi-a-GCST90018832","Weighted median",14,-2.01772579361598E-3,0.00545552236013011,0.711494142073848,-0.012710549619471,0.00867509803223904,0.997984308446663,0.987369888252479,1.00871283574235]
[null,"ebi-a-GCST90018832","ebi-a-GCST90092891","Leucine levels || id:ebi-a-GCST90092891"," || id:ebi-a-GCST90018832","Inverse variance weighted",14,0.00123261222454997,4.92666842114427E-3,0.802438997379602,-0.00842365788089279,0.0108888823299927,1.00123337220322,0.991611721713592,1.01094838197463]
[null,"ebi-a-GCST90018832","ebi-a-GCST90092891","Leucine levels || id:ebi-a-GCST90092891"," || id:ebi-a-GCST90018832","Simple mode",14,0.00453315329133717,0.0100755138042951,0.660180448083135,-0.0152148537650813,0.0242811603477556,1.00454344357399,0.984900307329622,1.02457834820206]
[null,"ebi-a-GCST90018832","ebi-a-GCST90092891","Leucine levels || id:ebi-a-GCST90092891"," || id:ebi-a-GCST90018832","Weighted mode",14,-0.00136749303996327,0.00677300582141036,0.843117427030174,-0.0146425844499276,0.011907598370001,0.998633441552579,0.985464096858329,1.01197877605734]
["Total BCAA"]
[null,"ebi-a-GCST90018832","ebi-a-GCST90092984","Total concentration of branched-chain amino acids (leucine + isoleucine + valine) || id:ebi-a-GCST90092984"," || id:ebi-a-GCST90018832","MR Egger",14,-0.00644360314166034,0.00703065411566917,0.377455118068122,-0.0202236852083719,0.00733647892505123,0.993577112351044,0.979979441882598,1.00736345682046]
[null,"ebi-a-GCST90018832","ebi-a-GCST90092984","Total concentration of branched-chain amino acids (leucine + isoleucine + valine) || id:ebi-a-GCST90092984"," || id:ebi-a-GCST90018832","Weighted median",14,-0.00328849897072865,0.00548293735542398,0.548659817132933,-0.0140350561873596,0.00745805824590235,0.996716902219786,0.986062976048514,1.00748593883088]
[null,"ebi-a-GCST90018832","ebi-a-GCST90092984","Total concentration of branched-chain amino acids (leucine + isoleucine + valine) || id:ebi-a-GCST90092984"," || id:ebi-a-GCST90018832","Inverse variance weighted",14,0.00244622422188489,0.00505212283670865,0.628245854991825,-0.00745593653806407,0.0123483849818338,1.00244921866956,0.992571790004857,1.01242494107785]
[null,"ebi-a-GCST90018832","ebi-a-GCST90092984","Total concentration of branched-chain amino acids (leucine + isoleucine + valine) || id:ebi-a-GCST90092984"," || id:ebi-a-GCST90018832","Simple mode",14,0.00463086272088808,0.010115670554438,0.654660281319823,-0.0151958515658103,0.0244575770075865,1.00464160173623,0.984919022779341,1.02475911683681]
[null,"ebi-a-GCST90018832","ebi-a-GCST90092984","Total concentration of branched-chain amino acids (leucine + isoleucine + valine) || id:ebi-a-GCST90092984"," || id:ebi-a-GCST90018832","Weighted mode",14,-0.00331759568702902,0.00702742331262606,0.644686779102553,-0.0170913453797761,0.010456154005718,0.996687901452766,0.983053883103202,1.01051101061368]

{"sheet":"Table S4","index":3,"n_rows":61,"n_cols":38,"rows_kept":61}
["Outcomes","SNP","effect_allele.exposure","other_allele.exposure","effect_allele.outcome","other_allele.outcome","beta.exposure","beta.outcome","eaf.exposure","eaf.outcome","remove","palindromic","ambiguous","id.outcome","chr","pos","se.outcome","samplesize.outcome","pval.outcome","outcome","originalname.outcome","outcome.deprecated","mr_keep.outcome","data_source.outcome","chr.exposure","pos.exposure","se.exposure","pval.exposure","samplesize.exposure","id.exposure","exposure","mr_keep.exposure","pval_origin.exposure","data_source.exposure","R2","F","action","mr_keep"]
["Valine"]
[null,"rs11629844","T","A","T","A",0.214,0.000910287,0.322088,0.40829,false,true,false,"ebi-a-GCST90092995",15,27969378,0.00417328,115052,0.83,"Valine levels || id:ebi-a-GCST90092995","Valine levels","Valine levels ||  || ",true,"igd",15,27969378,0.0463,{"v":3.83398e-06,"d":"3.83E-06"},452280,"ebi-a-GCST90018832"," || id:ebi-a-GCST90018832",true,"reported","igd",{"v":4.7232144886085E-5,"d":"4.72E-05"},21.3630690483613,2,true]
[null,"rs116739291","A","T","A","T",1.2223,0.0213514,0.0466856,0.045589,false,true,false,"ebi-a-GCST90092995",9,19536185,0.0101371,115052,0.0350002,"Valine levels || id:ebi-a-GCST90092995","Valine levels","Valine levels ||  || ",true,"igd",9,19536185,0.2612,{"v":2.87601e-06,"d":"2.88E-06"},452280,"ebi-a-GCST90018832"," || id:ebi-a-GCST90018832",true,"reported","igd",{"v":4.84151038666296e-05,"d":"4.84E-05"},21.8981465476311,2,true]
[null,"rs116884601","C","A","C","A",1.6343,-0.00977949,0.0267222,0.026879,false,false,false,"ebi-a-GCST90092995",11,26035563,0.0125567,115052,0.44,"Valine levels || id:ebi-a-GCST90092995","Valine levels","Valine levels ||  || ",true,"igd",11,26035563,0.3425,{"v":1.83299E-6,"d":"1.83E-06"},452280,"ebi-a-GCST90018832"," || id:ebi-a-GCST90018832",true,"reported","igd",{"v":5.03399944495037e-05,"d":"5.03E-05"},22.7688181918141,2,true]
[null,"rs12661002","G","A","G","A",-0.1902,-0.0052638,0.453789,0.436508,false,false,false,"ebi-a-GCST90092995",6,127136061,0.00404073,115052,0.19,"Valine levels || id:ebi-a-GCST90092995","Valine levels","Valine levels ||  || ",true,"igd",6,127136061,0.0412,{"v":3.97e-06,"d":"3.97E-06"},452280,"ebi-a-GCST90018832"," || id:ebi-a-GCST90018832",true,"reported","igd",{"v":4.71192908343711E-5,"d":"4.71E-05"},21.3120228273896,2,true]
[null,"rs2237897","T","C","T","C",-0.3236,-0.0136207,0.248584,0.041907,false,false,false,"ebi-a-GCST90092995",11,2858546,0.0101984,115052,0.18,"Valine levels || id:ebi-a-GCST90092995","Valine levels","Valine levels ||  || ",true,"igd",11,2858546,0.0684,{"v":2.20399e-06,"d":"2.20E-06"},452280,"ebi-a-GCST90018832"," || id:ebi-a-GCST90018832",true,"reported","igd",{"v":4.9485270346365e-05,"d":"4.95E-05"},22.3822066912623,2,true]
[null,"rs28564801","C","T","C","T",0.2381,0.0139016,0.219484,0.246504,false,false,false,"ebi-a-GCST90092995",18,57780253,0.00469303,115052,3.09999E-3,"Valine levels || id:ebi-a-GCST90092995","Valine levels","Valine levels ||  || ",true,"igd",18,57780253,0.0517,{"v":4.15298e-06,"d":"4.15E-06"},452280,"ebi-a-GCST90018832"," || id:ebi-a-GCST90018832",true,"reported","igd",{"v":4.68932091892864e-05,"d":"4.69E-05"},21.2097614594931,2,true]
[null,"rs35978445","A","G","A","G",-0.211,-0.00653566,0.472501,0.393755,false,false,false,"ebi-a-GCST90092995",10,94424422,4.12022E-3,115052,0.11,"Valine levels || id:ebi-a-GCST90092995","Valine levels","Valine levels ||  || ",true,"igd",10,94424422,0.0422,{"v":5.79802e-07,"d":"5.80E-07"},452280,"ebi-a-GCST90018832"," || id:ebi-a-GCST90018832",true,"reported","igd",{"v":5.52724378461436e-05,"d":"5.53E-05"},24.9998894490139,2,true]
[null,"rs55853916","C","G","C","G",0.3454,-0.00477285,0.200133,0.221286,false,true,false,"ebi-a-GCST90092995",10,114781950,0.0048354,115052,0.32,"Valine levels || id:ebi-a-GCST90092995","Valine levels","Valine levels ||  || ",true,"igd",10,114781950,0.0624,{"v":3.046e-08,"d":"3.05E-08"},452280,"ebi-a-GCST90018832"," || id:ebi-a-GCST90018832",true,"reported","igd",{"v":6.77389848505894e-05,"d":"6.77E-05"},30.6389280401372,2,true]
[null,"rs58867595","A","G","A","G",0.4047,-0.00256629,0.1406,0.109201,false,false,false,"ebi-a-GCST90092995",4,42194285,0.00766179,115052,0.74,"Valine levels || id:ebi-a-GCST90092995","Valine levels","Valine levels ||  || ",true,"igd",4,42194285,0.0817,{"v":7.28903E-7,"d":"7.29E-07"},452280,"ebi-a-GCST90018832"," || id:ebi-a-GCST90018832",true,"reported","igd",{"v":5.42489518514563e-05,"d":"5.42E-05"},24.5369385486709,2,true]
[null,"rs73776960","T","C","T","C",0.7491,-1.14945E-3,0.0264968,0.034147,false,false,false,"ebi-a-GCST90092995",6,138761700,0.0111075,115052,0.92,"Valine levels || id:ebi-a-GCST90092995","Valine levels","Valine levels ||  || ",true,"igd",6,138761700,0.1583,{"v":2.23898e-06,"d":"2.24E-06"},452280,"ebi-a-GCST90018832"," || id:ebi-a-GCST90018832",true,"reported","igd",{"v":4.95095385645588e-05,"d":"4.95E-05"},22.3931837590964,2,true]
[null,"rs76441909","T","C","T","C",0.7244,0.0116397,0.0236691,0.023086,false,false,false,"ebi-a-GCST90092995",2,61523578,0.0137186,115052,0.4,"Valine levels || id:ebi-a-GCST90092995","Valine levels","Valine levels ||  || ",true,"igd",2,61523578,0.1568,{"v":3.81804E-6,"d":"3.82E-06"},452280,"ebi-a-GCST90018832"," || id:ebi-a-GCST90018832",true,"reported","igd",{"v":4.71885778408955e-05,"d":"4.72E-05"},21.3433627716601,2,true]
[null,"rs76520075","G","A","G","A",0.4892,0.00346096,0.0574755,0.062537,false,false,false,"ebi-a-GCST90092995",1,173023198,0.00828792,115052,0.68,"Valine levels || id:ebi-a-GCST90092995","Valine levels","Valine levels ||  || ",true,"igd",1,173023198,0.1062,{"v":4.06602e-06,"d":"4.07E-06"},452280,"ebi-a-GCST90018832"," || id:ebi-a-GCST90018832",true,"reported","igd",{"v":4.69133131437882e-05,"d":"4.69E-05"},21.2188548888302,2,true]
[null,"rs79535930","A","G","A","G",0.7233,-0.0244082,0.0147602,0.010085,false,false,false,"ebi-a-GCST90092995",17,48378559,0.0207691,115052,0.24,"Valine levels || id:ebi-a-GCST90092995","Valine levels","Valine levels ||  || ",true,"igd",17,48378559,0.1545,{"v":2.84499E-6,"d":"2.84E-06"},452280,"ebi-a-GCST90018832"," || id:ebi-a-GCST90018832",true,"reported","igd",{"v":4.8456443357658e-05,"d":"4.85E-05"},21.9168453012878,2,true]
[null,"rs9623240","T","A","T","A",2.8563,-0.0376012,0.00450265,0.005602,false,true,false,"ebi-a-GCST90092995",22,41202794,0.0283718,115052,0.19,"Valine levels || id:ebi-a-GCST90092995","Valine levels","Valine levels ||  || ",true,"igd",22,41202794,0.6225,{"v":4.47301e-06,"d":"4.47E-06"},452280,"ebi-a-GCST90018832"," || id:ebi-a-GCST90018832",true,"reported","igd",{"v":4.65480324809811e-05,"d":"4.65E-05"},21.0536310395346,2,true]
["Isoleucine"]
[null,"rs11629844","T","A","T","A",0.214,0.00490118,0.322088,0.408297,false,true,false,"ebi-a-GCST90092843",15,27969378,0.00421301,115079,0.24,"Isoleucine levels || id:ebi-a-GCST90092843","Isoleucine levels","Isoleucine levels ||  || ",true,"igd",15,27969378,0.0463,{"v":3.83398e-06,"d":"3.83E-06"},452280,"ebi-a-GCST90018832"," || id:ebi-a-GCST90018832",true,"reported","igd",{"v":4.7232144886085E-5,"d":"4.72E-05"},21.3630690483613,2,true]
[null,"rs116739291","A","T","A","T",1.2223,0.0138069,0.0466856,0.045583,false,true,false,"ebi-a-GCST90092843",9,19536185,0.0102348,115079,0.18,"Isoleucine levels || id:ebi-a-GCST90092843","Isoleucine levels","Isoleucine levels ||  || ",true,"igd",9,19536185,0.2612,{"v":2.87601e-06,"d":"2.88E-06"},452280,"ebi-a-GCST90018832"," || id:ebi-a-GCST90018832",true,"reported","igd",{"v":4.84151038666296e-05,"d":"4.84E-05"},21.8981465476311,2,true]
[null,"rs116884601","C","A","C","A",1.6343,-0.00926419,0.0267222,0.026872,false,false,false,"ebi-a-GCST90092843",11,26035563,0.0126789,115079,0.46,"Isoleucine levels || id:ebi-a-GCST90092843","Isoleucine levels","Isoleucine levels ||  || ",true,"igd",11,26035563,0.3425,{"v":1.83299E-6,"d":"1.83E-06"},452280,"ebi-a-GCST90018832"," || id:ebi-a-GCST90018832",true,"reported","igd",{"v":5.03399944495037e-05,"d":"5.03E-05"},22.7688181918141,2,true]
[null,"rs12661002","G","A","G","A",-0.1902,-0.00419156,0.453789,0.436519,false,false,false,"ebi-a-GCST90092843",6,127136061,0.00408012,115079,0.3,"Isoleucine levels || id:ebi-a-GCST90092843","Isoleucine levels","Isoleucine levels ||  || ",true,"igd",6,127136061,0.0412,{"v":3.97e-06,"d":"3.97E-06"},452280,"ebi-a-GCST90018832"," || id:ebi-a-GCST90018832",true,"reported","igd",{"v":4.71192908343711E-5,"d":"4.71E-05"},21.3120228273896,2,true]
[null,"rs2237897","T","C","T","C",-0.3236,-0.0109413,0.248584,0.041897,false,false,false,"ebi-a-GCST90092843",11,2858546,0.0102976,115079,0.29,"Isoleucine levels || id:ebi-a-GCST90092843","Isoleucine levels","Isoleucine levels ||  || ",true,"igd",11,2858546,0.0684,{"v":2.20399e-06,"d":"2.20E-06"},452280,"ebi-a-GCST90018832"," || id:ebi-a-GCST90018832",true,"reported","igd",{"v":4.9485270346365e-05,"d":"4.95E-05"},22.3822066912623,2,true]
[null,"rs28564801","C","T","C","T",0.2381,0.00882464,0.219484,0.246495,false,false,false,"ebi-a-GCST90092843",18,57780253,0.00473747,115079,0.0619998,"Isoleucine levels || id:ebi-a-GCST90092843","Isoleucine levels","Isoleucine levels ||  || ",true,"igd",18,57780253,0.0517,{"v":4.15298e-06,"d":"4.15E-06"},452280,"ebi-a-GCST90018832"," || id:ebi-a-GCST90018832",true,"reported","igd",{"v":4.68932091892864e-05,"d":"4.69E-05"},21.2097614594931,2,true]
[null,"rs35978445","A","G","A","G",-0.211,-0.00405424,0.472501,0.39375,false,false,false,"ebi-a-GCST90092843",10,94424422,0.00416049,115079,0.33,"Isoleucine levels || id:ebi-a-GCST90092843","Isoleucine levels","Isoleucine levels ||  || ",true,"igd",10,94424422,0.0422,{"v":5.79802e-07,"d":"5.80E-07"},452280,"ebi-a-GCST90018832"," || id:ebi-a-GCST90018832",true,"reported","igd",{"v":5.52724378461436e-05,"d":"5.53E-05"},24.9998894490139,2,true]
[null,"rs55853916","C","G","C","G",0.3454,-7.74765E-3,0.200133,0.221291,false,true,false,"ebi-a-GCST90092843",10,114781950,0.00488254,115079,0.11,"Isoleucine levels || id:ebi-a-GCST90092843","Isoleucine levels","Isoleucine levels ||  || ",true,"igd",10,114781950,0.0624,{"v":3.046e-08,"d":"3.05E-08"},452280,"ebi-a-GCST90018832"," || id:ebi-a-GCST90018832",true,"reported","igd",{"v":6.77389848505894e-05,"d":"6.77E-05"},30.6389280401372,2,true]
[null,"rs58867595","A","G","A","G",0.4047,-0.0115662,0.1406,0.1092,false,false,false,"ebi-a-GCST90092843",4,42194285,0.00773837,115079,0.14,"Isoleucine levels || id:ebi-a-GCST90092843","Isoleucine levels","Isoleucine levels ||  || ",true,"igd",4,42194285,0.0817,{"v":7.28903E-7,"d":"7.29E-07"},452280,"ebi-a-GCST90018832"," || id:ebi-a-GCST90018832",true,"reported","igd",{"v":5.42489518514563e-05,"d":"5.42E-05"},24.5369385486709,2,true]
[null,"rs73776960","T","C","T","C",0.7491,-0.00119321,0.0264968,0.034139,false,false,false,"ebi-a-GCST90092843",6,138761700,0.0112168,115079,0.92,"Isoleucine levels || id:ebi-a-GCST90092843","Isoleucine levels","Isoleucine levels ||  || ",true,"igd",6,138761700,0.1583,{"v":2.23898e-06,"d":"2.24E-06"},452280,"ebi-a-GCST90018832"," || id:ebi-a-GCST90018832",true,"reported","igd",{"v":4.95095385645588e-05,"d":"4.95E-05"},22.3931837590964,2,true]
[null,"rs76441909","T","C","T","C",0.7244,2.20623E-3,0.0236691,0.023085,false,false,false,"ebi-a-GCST90092843",2,61523578,0.0138557,115079,0.87,"Isoleucine levels || id:ebi-a-GCST90092843","Isoleucine levels","Isoleucine levels ||  || ",true,"igd",2,61523578,0.1568,{"v":3.81804E-6,"d":"3.82E-06"},452280,"ebi-a-GCST90018832"," || id:ebi-a-GCST90018832",true,"reported","igd",{"v":4.71885778408955e-05,"d":"4.72E-05"},21.3433627716601,2,true]
[null,"rs76520075","G","A","G","A",0.4892,0.0054801,0.0574755,0.062544,false,false,false,"ebi-a-GCST90092843",1,173023198,0.00836858,115079,0.51,"Isoleucine levels || id:ebi-a-GCST90092843","Isoleucine levels","Isoleucine levels ||  || ",true,"igd",1,173023198,0.1062,{"v":4.06602e-06,"d":"4.07E-06"},452280,"ebi-a-GCST90018832"," || id:ebi-a-GCST90018832",true,"reported","igd",{"v":4.69133131437882e-05,"d":"4.69E-05"},21.2188548888302,2,true]
[null,"rs79535930","A","G","A","G",0.7233,-0.0470049,0.0147602,0.010091,false,false,false,"ebi-a-GCST90092843",17,48378559,0.0209622,115079,0.025,"Isoleucine levels || id:ebi-a-GCST90092843","Isoleucine levels","Isoleucine levels ||  || ",true,"igd",17,48378559,0.1545,{"v":2.84499E-6,"d":"2.84E-06"},452280,"ebi-a-GCST90018832"," || id:ebi-a-GCST90018832",true,"reported","igd",{"v":4.8456443357658e-05,"d":"4.85E-05"},21.9168453012878,2,true]
[null,"rs9623240","T","A","T","A",2.8563,-0.0465492,0.00450265,0.005605,false,true,false,"ebi-a-GCST90092843",22,41202794,0.0286322,115079,0.1,"Isoleucine levels || id:ebi-a-GCST90092843","Isoleucine levels","Isoleucine levels ||  || ",true,"igd",22,41202794,0.6225,{"v":4.47301e-06,"d":"4.47E-06"},452280,"ebi-a-GCST90018832"," || id:ebi-a-GCST90018832",true,"reported","igd",{"v":4.65480324809811e-05,"d":"4.65E-05"},21.0536310395346,2,true]
["Leucine"]
[null,"rs11629844","T","A","T","A",0.214,0.000675832,0.322088,0.408296,false,true,false,"ebi-a-GCST90092891",15,27969378,0.00411708,115078,0.87,"Leucine levels || id:ebi-a-GCST90092891","Leucine levels","Leucine levels ||  || ",true,"igd",15,27969378,0.0463,{"v":3.83398e-06,"d":"3.83E-06"},452280,"ebi-a-GCST90018832"," || id:ebi-a-GCST90018832",true,"reported","igd",{"v":4.7232144886085E-5,"d":"4.72E-05"},21.3630690483613,2,true]
[null,"rs116739291","A","T","A","T",1.2223,0.0178862,0.0466856,0.045583,false,true,false,"ebi-a-GCST90092891",9,19536185,0.0100015,115078,0.0739997,"Leucine levels || id:ebi-a-GCST90092891","Leucine levels","Leucine levels ||  || ",true,"igd",9,19536185,0.2612,{"v":2.87601e-06,"d":"2.88E-06"},452280,"ebi-a-GCST90018832"," || id:ebi-a-GCST90018832",true,"reported","igd",{"v":4.84151038666296e-05,"d":"4.84E-05"},21.8981465476311,2,true]
[null,"rs116884601","C","A","C","A",1.6343,-0.0061176,0.0267222,0.026873,false,false,false,"ebi-a-GCST90092891",11,26035563,0.0123895,115078,0.62,"Leucine levels || id:ebi-a-GCST90092891","Leucine levels","Leucine levels ||  || ",true,"igd",11,26035563,0.3425,{"v":1.83299E-6,"d":"1.83E-06"},452280,"ebi-a-GCST90018832"," || id:ebi-a-GCST90018832",true,"reported","igd",{"v":5.03399944495037e-05,"d":"5.03E-05"},22.7688181918141,2,true]
[null,"rs12661002","G","A","G","A",-0.1902,-0.00463422,0.453789,0.436514,false,false,false,"ebi-a-GCST90092891",6,127136061,0.00398704,115078,0.25,"Leucine levels || id:ebi-a-GCST90092891","Leucine levels","Leucine levels ||  || ",true,"igd",6,127136061,0.0412,{"v":3.97e-06,"d":"3.97E-06"},452280,"ebi-a-GCST90018832"," || id:ebi-a-GCST90018832",true,"reported","igd",{"v":4.71192908343711E-5,"d":"4.71E-05"},21.3120228273896,2,true]
[null,"rs2237897","T","C","T","C",-0.3236,-0.0144646,0.248584,0.041898,false,false,false,"ebi-a-GCST90092891",11,2858546,0.0100625,115078,0.15,"Leucine levels || id:ebi-a-GCST90092891","Leucine levels","Leucine levels ||  || ",true,"igd",11,2858546,0.0684,{"v":2.20399e-06,"d":"2.20E-06"},452280,"ebi-a-GCST90018832"," || id:ebi-a-GCST90018832",true,"reported","igd",{"v":4.9485270346365e-05,"d":"4.95E-05"},22.3822066912623,2,true]
[null,"rs28564801","C","T","C","T",0.2381,9.58175E-3,0.219484,0.246493,false,false,false,"ebi-a-GCST90092891",18,57780253,0.00462966,115078,0.0379997,"Leucine levels || id:ebi-a-GCST90092891","Leucine levels","Leucine levels ||  || ",true,"igd",18,57780253,0.0517,{"v":4.15298e-06,"d":"4.15E-06"},452280,"ebi-a-GCST90018832"," || id:ebi-a-GCST90018832",true,"reported","igd",{"v":4.68932091892864e-05,"d":"4.69E-05"},21.2097614594931,2,true]
[null,"rs35978445","A","G","A","G",-0.211,-0.00417311,0.472501,0.393749,false,false,false,"ebi-a-GCST90092891",10,94424422,0.0040651,115078,0.3,"Leucine levels || id:ebi-a-GCST90092891","Leucine levels","Leucine levels ||  || ",true,"igd",10,94424422,0.0422,{"v":5.79802e-07,"d":"5.80E-07"},452280,"ebi-a-GCST90018832"," || id:ebi-a-GCST90018832",true,"reported","igd",{"v":5.52724378461436e-05,"d":"5.53E-05"},24.9998894490139,2,true]
[null,"rs55853916","C","G","C","G",0.3454,-0.00739954,0.200133,0.221293,false,true,false,"ebi-a-GCST90092891",10,114781950,0.0047706,115078,0.12,"Leucine levels || id:ebi-a-GCST90092891","Leucine levels","Leucine levels ||  || ",true,"igd",10,114781950,0.0624,{"v":3.046e-08,"d":"3.05E-08"},452280,"ebi-a-GCST90018832"," || id:ebi-a-GCST90018832",true,"reported","igd",{"v":6.77389848505894e-05,"d":"6.77E-05"},30.6389280401372,2,true]
[null,"rs58867595","A","G","A","G",0.4047,-0.00879561,0.1406,0.109201,false,false,false,"ebi-a-GCST90092891",4,42194285,7.56041E-3,115078,0.24,"Leucine levels || id:ebi-a-GCST90092891","Leucine levels","Leucine levels ||  || ",true,"igd",4,42194285,0.0817,{"v":7.28903E-7,"d":"7.29E-07"},452280,"ebi-a-GCST90018832"," || id:ebi-a-GCST90018832",true,"reported","igd",{"v":5.42489518514563e-05,"d":"5.42E-05"},24.5369385486709,2,true]
[null,"rs73776960","T","C","T","C",0.7491,-0.00107269,0.0264968,0.03414,false,false,false,"ebi-a-GCST90092891",6,138761700,0.0109607,115078,0.92,"Leucine levels || id:ebi-a-GCST90092891","Leucine levels","Leucine levels ||  || ",true,"igd",6,138761700,0.1583,{"v":2.23898e-06,"d":"2.24E-06"},452280,"ebi-a-GCST90018832"," || id:ebi-a-GCST90018832",true,"reported","igd",{"v":4.95095385645588e-05,"d":"4.95E-05"},22.3931837590964,2,true]
[null,"rs76441909","T","C","T","C",0.7244,0.0139874,0.0236691,0.023085,false,false,false,"ebi-a-GCST90092891",2,61523578,0.0135377,115078,0.3,"Leucine levels || id:ebi-a-GCST90092891","Leucine levels","Leucine levels ||  || ",true,"igd",2,61523578,0.1568,{"v":3.81804E-6,"d":"3.82E-06"},452280,"ebi-a-GCST90018832"," || id:ebi-a-GCST90018832",true,"reported","igd",{"v":4.71885778408955e-05,"d":"4.72E-05"},21.3433627716601,2,true]
[null,"rs76520075","G","A","G","A",0.4892,0.000754494,0.0574755,0.062545,false,false,false,"ebi-a-GCST90092891",1,173023198,0.0081768,115078,0.93,"Leucine levels || id:ebi-a-GCST90092891","Leucine levels","Leucine levels ||  || ",true,"igd",1,173023198,0.1062,{"v":4.06602e-06,"d":"4.07E-06"},452280,"ebi-a-GCST90018832"," || id:ebi-a-GCST90018832",true,"reported","igd",{"v":4.69133131437882e-05,"d":"4.69E-05"},21.2188548888302,2,true]
[null,"rs79535930","A","G","A","G",0.7233,-0.0452456,0.0147602,0.010091,false,false,false,"ebi-a-GCST90092891",17,48378559,0.0204846,115078,0.0269998,"Leucine levels || id:ebi-a-GCST90092891","Leucine levels","Leucine levels ||  || ",true,"igd",17,48378559,0.1545,{"v":2.84499E-6,"d":"2.84E-06"},452280,"ebi-a-GCST90018832"," || id:ebi-a-GCST90018832",true,"reported","igd",{"v":4.8456443357658e-05,"d":"4.85E-05"},21.9168453012878,2,true]
[null,"rs9623240","T","A","T","A",2.8563,-0.0364538,0.00450265,0.005605,false,true,false,"ebi-a-GCST90092891",22,41202794,0.0279811,115078,0.19,"Leucine levels || id:ebi-a-GCST90092891","Leucine levels","Leucine levels ||  || ",true,"igd",22,41202794,0.6225,{"v":4.47301e-06,"d":"4.47E-06"},452280,"ebi-a-GCST90018832"," || id:ebi-a-GCST90018832",true,"reported","igd",{"v":4.65480324809811e-05,"d":"4.65E-05"},21.0536310395346,2,true]
["Total BCAA"]
[null,"rs11629844","T","A","T","A",0.214,0.00176806,0.322088,0.408289,false,true,false,"ebi-a-GCST90092984",15,27969378,0.00415314,115051,0.67,"Total concentration of branched-chain amino acids (leucine + isoleucine + valine) || id:ebi-a-GCST90092984","Total concentration of branched-chain amino acids (leucine + isoleucine + valine)","Total concentration of branched-chain amino acids (leucine + isoleucine + valine) ||  || ",true,"igd",15,27969378,0.0463,{"v":3.83398e-06,"d":"3.83E-06"},452280,"ebi-a-GCST90018832"," || id:ebi-a-GCST90018832",true,"reported","igd",{"v":4.7232144886085E-5,"d":"4.72E-05"},21.3630690483613,2,true]
[null,"rs116739291","A","T","A","T",1.2223,0.0196704,0.0466856,0.045589,false,true,false,"ebi-a-GCST90092984",9,19536185,0.0100883,115051,0.051,"Total concentration of branched-chain amino acids (leucine + isoleucine + valine) || id:ebi-a-GCST90092984","Total concentration of branched-chain amino acids (leucine + isoleucine + valine)","Total concentration of branched-chain amino acids (leucine + isoleucine + valine) ||  || ",true,"igd",9,19536185,0.2612,{"v":2.87601e-06,"d":"2.88E-06"},452280,"ebi-a-GCST90018832"," || id:ebi-a-GCST90018832",true,"reported","igd",{"v":4.84151038666296e-05,"d":"4.84E-05"},21.8981465476311,2,true]
[null,"rs116884601","C","A","C","A",1.6343,-0.00946907,0.0267222,0.026879,false,false,false,"ebi-a-GCST90092984",11,26035563,0.0124964,115051,0.450001,"Total concentration of branched-chain amino acids (leucine + isoleucine + valine) || id:ebi-a-GCST90092984","Total concentration of branched-chain amino acids (leucine + isoleucine + valine)","Total concentration of branched-chain amino acids (leucine + isoleucine + valine) ||  || ",true,"igd",11,26035563,0.3425,{"v":1.83299E-6,"d":"1.83E-06"},452280,"ebi-a-GCST90018832"," || id:ebi-a-GCST90018832",true,"reported","igd",{"v":5.03399944495037e-05,"d":"5.03E-05"},22.7688181918141,2,true]
[null,"rs12661002","G","A","G","A",-0.1902,-0.00497601,0.453789,0.436503,false,false,false,"ebi-a-GCST90092984",6,127136061,0.0040217,115051,0.22,"Total concentration of branched-chain amino acids (leucine + isoleucine + valine) || id:ebi-a-GCST90092984","Total concentration of branched-chain amino acids (leucine + isoleucine + valine)","Total concentration of branched-chain amino acids (leucine + isoleucine + valine) ||  || ",true,"igd",6,127136061,0.0412,{"v":3.97e-06,"d":"3.97E-06"},452280,"ebi-a-GCST90018832"," || id:ebi-a-GCST90018832",true,"reported","igd",{"v":4.71192908343711E-5,"d":"4.71E-05"},21.3120228273896,2,true]
[null,"rs2237897","T","C","T","C",-0.3236,-0.014291,0.248584,0.041908,false,false,false,"ebi-a-GCST90092984",11,2858546,0.0101494,115051,0.16,"Total concentration of branched-chain amino acids (leucine + isoleucine + valine) || id:ebi-a-GCST90092984","Total concentration of branched-chain amino acids (leucine + isoleucine + valine)","Total concentration of branched-chain amino acids (leucine + isoleucine + valine) ||  || ",true,"igd",11,2858546,0.0684,{"v":2.20399e-06,"d":"2.20E-06"},452280,"ebi-a-GCST90018832"," || id:ebi-a-GCST90018832",true,"reported","igd",{"v":4.9485270346365e-05,"d":"4.95E-05"},22.3822066912623,2,true]
[null,"rs28564801","C","T","C","T",0.2381,0.0119966,0.219484,0.246502,false,false,false,"ebi-a-GCST90092984",18,57780253,0.00467015,115051,0.01,"Total concentration of branched-chain amino acids (leucine + isoleucine + valine) || id:ebi-a-GCST90092984","Total concentration of branched-chain amino acids (leucine + isoleucine + valine)","Total concentration of branched-chain amino acids (leucine + isoleucine + valine) ||  || ",true,"igd",18,57780253,0.0517,{"v":4.15298e-06,"d":"4.15E-06"},452280,"ebi-a-GCST90018832"," || id:ebi-a-GCST90018832",true,"reported","igd",{"v":4.68932091892864e-05,"d":"4.69E-05"},21.2097614594931,2,true]
[null,"rs35978445","A","G","A","G",-0.211,-0.00575738,0.472501,0.393754,false,false,false,"ebi-a-GCST90092984",10,94424422,0.00410056,115051,0.16,"Total concentration of branched-chain amino acids (leucine + isoleucine + valine) || id:ebi-a-GCST90092984","Total concentration of branched-chain amino acids (leucine + isoleucine + valine)","Total concentration of branched-chain amino acids (leucine + isoleucine + valine) ||  || ",true,"igd",10,94424422,0.0422,{"v":5.79802e-07,"d":"5.80E-07"},452280,"ebi-a-GCST90018832"," || id:ebi-a-GCST90018832",true,"reported","igd",{"v":5.52724378461436e-05,"d":"5.53E-05"},24.9998894490139,2,true]
[null,"rs55853916","C","G","C","G",0.3454,-0.00635257,0.200133,0.221288,false,true,false,"ebi-a-GCST90092984",10,114781950,4.81234E-3,115051,0.19,"Total concentration of branched-chain amino acids (leucine + isoleucine + valine) || id:ebi-a-GCST90092984","Total concentration of branched-chain amino acids (leucine + isoleucine + valine)","Total concentration of branched-chain amino acids (leucine + isoleucine + valine) ||  || ",true,"igd",10,114781950,0.0624,{"v":3.046e-08,"d":"3.05E-08"},452280,"ebi-a-GCST90018832"," || id:ebi-a-GCST90018832",true,"reported","igd",{"v":6.77389848505894e-05,"d":"6.77E-05"},30.6389280401372,2,true]
[null,"rs58867595","A","G","A","G",0.4047,-6.53778E-3,0.1406,0.109202,false,false,false,"ebi-a-GCST90092984",4,42194285,0.00762625,115051,0.39,"Total concentration of branched-chain amino acids (leucine + isoleucine + valine) || id:ebi-a-GCST90092984","Total concentration of branched-chain amino acids (leucine + isoleucine + valine)","Total concentration of branched-chain amino acids (leucine + isoleucine + valine) ||  || ",true,"igd",4,42194285,0.0817,{"v":7.28903E-7,"d":"7.29E-07"},452280,"ebi-a-GCST90018832"," || id:ebi-a-GCST90018832",true,"reported","igd",{"v":5.42489518514563e-05,"d":"5.42E-05"},24.5369385486709,2,true]
[null,"rs73776960","T","C","T","C",0.7491,-1.737E-3,0.0264968,0.034148,false,false,false,"ebi-a-GCST90092984",6,138761700,0.011055,115051,0.88,"Total concentration of branched-chain amino acids (leucine + isoleucine + valine) || id:ebi-a-GCST90092984","Total concentration of branched-chain amino acids (leucine + isoleucine + valine)","Total concentration of branched-chain amino acids (leucine + isoleucine + valine) ||  || ",true,"igd",6,138761700,0.1583,{"v":2.23898e-06,"d":"2.24E-06"},452280,"ebi-a-GCST90018832"," || id:ebi-a-GCST90018832",true,"reported","igd",{"v":4.95095385645588e-05,"d":"4.95E-05"},22.3931837590964,2,true]
[null,"rs76441909","T","C","T","C",0.7244,0.0105007,0.0236691,0.023086,false,false,false,"ebi-a-GCST90092984",2,61523578,0.0136553,115051,0.44,"Total concentration of branched-chain amino acids (leucine + isoleucine + valine) || id:ebi-a-GCST90092984","Total concentration of branched-chain amino acids (leucine + isoleucine + valine)","Total concentration of branched-chain amino acids (leucine + isoleucine + valine) ||  || ",true,"igd",2,61523578,0.1568,{"v":3.81804E-6,"d":"3.82E-06"},452280,"ebi-a-GCST90018832"," || id:ebi-a-GCST90018832",true,"reported","igd",{"v":4.71885778408955e-05,"d":"4.72E-05"},21.3433627716601,2,true]
[null,"rs76520075","G","A","G","A",0.4892,0.00318957,0.0574755,0.062537,false,false,false,"ebi-a-GCST90092984",1,173023198,0.00824888,115051,0.7,"Total concentration of branched-chain amino acids (leucine + isoleucine + valine) || id:ebi-a-GCST90092984","Total concentration of branched-chain amino acids (leucine + isoleucine + valine)","Total concentration of branched-chain amino acids (leucine + isoleucine + valine) ||  || ",true,"igd",1,173023198,0.1062,{"v":4.06602e-06,"d":"4.07E-06"},452280,"ebi-a-GCST90018832"," || id:ebi-a-GCST90018832",true,"reported","igd",{"v":4.69133131437882e-05,"d":"4.69E-05"},21.2188548888302,2,true]
[null,"rs79535930","A","G","A","G",0.7233,-0.0357547,0.0147602,0.010085,false,false,false,"ebi-a-GCST90092984",17,48378559,0.02067,115051,0.0840001,"Total concentration of branched-chain amino acids (leucine + isoleucine + valine) || id:ebi-a-GCST90092984","Total concentration of branched-chain amino acids (leucine + isoleucine + valine)","Total concentration of branched-chain amino acids (leucine + isoleucine + valine) ||  || ",true,"igd",17,48378559,0.1545,{"v":2.84499E-6,"d":"2.84E-06"},452280,"ebi-a-GCST90018832"," || id:ebi-a-GCST90018832",true,"reported","igd",{"v":4.8456443357658e-05,"d":"4.85E-05"},21.9168453012878,2,true]
[null,"rs9623240","T","A","T","A",2.8563,-0.038718,0.00450265,0.005602,false,true,false,"ebi-a-GCST90092984",22,41202794,0.028234,115051,0.17,"Total concentration of branched-chain amino acids (leucine + isoleucine + valine) || id:ebi-a-GCST90092984","Total concentration of branched-chain amino acids (leucine + isoleucine + valine)","Total concentration of branched-chain amino acids (leucine + isoleucine + valine) ||  || ",true,"igd",22,41202794,0.6225,{"v":4.47301e-06,"d":"4.47E-06"},452280,"ebi-a-GCST90018832"," || id:ebi-a-GCST90018832",true,"reported","igd",{"v":4.65480324809811e-05,"d":"4.65E-05"},21.0536310395346,2,true]